<?xml version="1.0" encoding="UTF-8"?>
<record
    xmlns:xsi="http://www.w3.org/2001/XMLSchema-instance"
    xsi:schemaLocation="http://www.loc.gov/MARC21/slim http://www.loc.gov/standards/marcxml/schema/MARC21slim.xsd"
    xmlns="http://www.loc.gov/MARC21/slim">

  <leader>00207nam a22000857a 4500</leader>
  <controlfield tag="001">1301039</controlfield>
  <controlfield tag="005">20260427113542.0</controlfield>
  <datafield tag="245" ind1=" " ind2=" ">
    <subfield code="a">KEND&#x130;N&#x130; ASLAN SANAN &#x15E;OLA</subfield>
    <subfield code="c">BERNARDO ATXAGA</subfield>
  </datafield>
  <datafield tag="260" ind1=" " ind2=" ">
    <subfield code="b">G&#xDC;NI&#x15E;I&#x11E;I YAYINLARI</subfield>
  </datafield>
  <datafield tag="999" ind1=" " ind2=" ">
    <subfield code="c">1301039</subfield>
    <subfield code="d">1301039</subfield>
  </datafield>
  <datafield tag="952" ind1=" " ind2=" ">
    <subfield code="0">0</subfield>
    <subfield code="1">0</subfield>
    <subfield code="2">ddc</subfield>
    <subfield code="4">0</subfield>
    <subfield code="7">0</subfield>
    <subfield code="a">1027</subfield>
    <subfield code="b">1027</subfield>
    <subfield code="d">2024-04-16</subfield>
    <subfield code="l">0</subfield>
    <subfield code="o">N-6</subfield>
    <subfield code="p">10274157</subfield>
    <subfield code="r">2026-04-27 11:37:49</subfield>
    <subfield code="w">2026-04-27</subfield>
    <subfield code="y">BK</subfield>
  </datafield>
</record>
